| 000 | 00672nam a2200277Ia 4500 | ||
|---|---|---|---|
| 008 | 171025s9999 xx 000 0 und d | ||
| 020 | _a890618879E | ||
| 050 | _a428.62 | ||
| 050 | _bC973 1997 | ||
| 100 | _aCunningham, Marilyn | ||
| 245 | _aThemes in reading : | ||
| 245 | _ba multicultural collection / | ||
| 245 | _cby Marilyn Cunningham. | ||
| 260 | _aUSA : | ||
| 260 | _bJamestown, | ||
| 260 | _c1997 | ||
| 300 | _a153 pages : | ||
| 300 | _bsome colored illustrations ; | ||
| 300 | _c24cm. | ||
| 650 | _aReaders -- | ||
| 650 | _aReaders -- | ||
| 650 | _aReaders (Adult). | ||
| 650 | _xPoetry. | ||
| 650 | _xShort stories. | ||
| 700 | _aTitle. | ||
| 999 |
_c344785 _d344785 |
||